Southville International School and Colleges
Your cart is empty.
  • Cart
  • Lists
    Public lists list_1 View all
    Your lists Log in to create your own lists
  • Log in to your account
  • Your cookies
  • Search history
Southville International School and Colleges
  • Advanced search
  • Recent comments
  • Most popular
  • Libraries

Log in to your account

Log in with GOOGLE


If you do not have an external account, but do have a local account, you can still log in:

  1. Home
  2. MARC view: English grammar and composition /
Normal view MARC view ISBD view

English grammar and composition / (Record no. 345168)

[ view plain ]
MARC details
000 -LEADER
fixed length control field 00713nam a2200277Ia 4500
008 - FIXED-LENGTH DATA ELEMENTS--GENERAL INFORMATION
fixed length control field 171120s9999 xx 000 0 und d
050 ## - LIBRARY OF CONGRESS CALL NUMBER
Classification number 415
050 ## - LIBRARY OF CONGRESS CALL NUMBER
Item number W295 1958
100 ## - MAIN ENTRY--PERSONAL NAME
Personal name Warriner, John E.
245 ## - TITLE STATEMENT
Title English grammar and composition /
245 ## - TITLE STATEMENT
Statement of responsibility, etc by John E. Warriner.
260 ## - PUBLICATION, DISTRIBUTION, ETC. (IMPRINT)
Place of publication, distribution, etc USA :
260 ## - PUBLICATION, DISTRIBUTION, ETC. (IMPRINT)
Name of publisher, distributor, etc Harcourt, Brace & World, Inc.,
260 ## - PUBLICATION, DISTRIBUTION, ETC. (IMPRINT)
Date of publication, distribution, etc 1958
300 ## - PHYSICAL DESCRIPTION
Extent 559 pages :
300 ## - PHYSICAL DESCRIPTION
Other physical details illustrations ;
300 ## - PHYSICAL DESCRIPTION
Dimensions 19cm.
500 ## - GENERAL NOTE
General note Includes index.
650 ## - SUBJECT ADDED ENTRY--TOPICAL TERM
Topical term or geographic name as entry element English language --
650 ## - SUBJECT ADDED ENTRY--TOPICAL TERM
Topical term or geographic name as entry element English language --
650 ## - SUBJECT ADDED ENTRY--TOPICAL TERM
Topical term or geographic name as entry element English language --
650 ## - SUBJECT ADDED ENTRY--TOPICAL TERM
General subdivision Composition and exercises.
650 ## - SUBJECT ADDED ENTRY--TOPICAL TERM
General subdivision Grammar -- 1950-
650 ## - SUBJECT ADDED ENTRY--TOPICAL TERM
General subdivision Grammar.
700 ## - ADDED ENTRY--PERSONAL NAME
Personal name Title.
Holdings
Withdrawn status Lost status Damaged status Home library Current library Date acquired Total Checkouts Full call number Barcode Date last seen Price effective from Koha item type
      Stonyhurst Southville International School (Malarayat) Stonyhurst Southville International School (Malarayat) 11/20/2017   REF 415 W295 1958 SSISM4212 11/20/2017 11/20/2017 Books

English grammar and composition /

APA

Warriner J. E., Title, .English grammar and composition. USA: .

Chicago

Warriner John E, Title, .English grammar and composition. USA: .

Harvard

Warriner J. E., Title, .English grammar and composition. USA: .

MLA

Warriner John E, Title, .USA: . .

  • Place hold
  • Print
  • Cite
  • Add to your cart (remove)
  • Save record
    BIBTEX Dublin Core MARCXML MARC (non-Unicode/MARC-8) MARC (Unicode/UTF-8) MARC (Unicode/UTF-8, Standard) MODS (XML) RIS
  • More searches
    Search for this title in:
    Other Libraries (WorldCat) Other Databases (Google Scholar) Online Stores (Bookfinder.com) Open Library (openlibrary.org)

Exporting to Dublin Core...

SOUTHVILLE LIBRARY

Southville International School and Colleges Library

1281 Tropical Ave. Cor. Luxembourg St., BF Homes International, Las Pinas City

Tel. No. 8256374 / 252358 Loc. 117/146

Powered by Koha